|
|
|
|
| LEADER |
00000nam2a2200000 4500 |
| 001 |
225478 |
| 005 |
20231101230652.0 |
| 010 |
|
|
|a 512000489X
|
| 020 |
|
|
|a RU
|b 90-25509
|
| 035 |
|
|
|a (RuTPU)RU\TPU\book\245824
|
| 090 |
|
|
|a 225478
|
| 100 |
|
|
|a 20121112d1988 km a0rusy5003 ca
|
| 101 |
0 |
|
|a rus
|
| 102 |
|
|
|a UA
|
| 105 |
|
|
|a a z 001zy
|
| 200 |
0 |
|
|a Т. 4 : Усталость и циклическая трещиностойкость конструкционных материалов
|f О. Н. Романив [и др.]
|
| 210 |
|
|
|d 1988
|
| 215 |
|
|
|a 680 с.
|c ил.
|
| 461 |
|
1 |
|0 (RuTPU)RU\TPU\book\161168
|y 5-12-000301-1
|t Механика разрушения и прочность материалов
|o справочное пособие в 4 т.
|f Академия наук Украинской ССР (АН УССР), Физико-механический институт (ФМИ) ; под ред. В. В. Панасюка
|v Т. 4 : Усталость и циклическая трещиностойкость конструкционных материалов
|d 1988-1990
|
| 606 |
1 |
|
|a Материалы
|x Разрушение
|2 stltpush
|3 (RuTPU)RU\TPU\subj\41297
|9 61101
|
| 610 |
1 |
|
|a конструкционные материалы
|
| 610 |
1 |
|
|a прочность
|
| 610 |
1 |
|
|a циклические нагружения
|
| 610 |
1 |
|
|a выносливость
|
| 610 |
1 |
|
|a усталость
|
| 610 |
1 |
|
|a усталостное разрушение
|
| 610 |
1 |
|
|a фрактография
|
| 610 |
1 |
|
|a металлы
|
| 610 |
1 |
|
|a сплавы
|
| 610 |
1 |
|
|a усталостные трещины
|
| 610 |
1 |
|
|a рост
|
| 610 |
1 |
|
|a сопротивление
|
| 610 |
1 |
|
|a трещиностойкость
|
| 610 |
1 |
|
|a коррозионно-статические нагружения
|
| 610 |
1 |
|
|a газообразные среды
|
| 610 |
1 |
|
|a инженерные конструкции
|
| 610 |
1 |
|
|a работоспособность
|
| 610 |
1 |
|
|a прогнозирование
|
| 610 |
1 |
|
|a механика разрушения
|
| 610 |
1 |
|
|a справочники
|
| 675 |
|
|
|a 539.4.01(035)
|z rus
|v 3
|
| 701 |
|
1 |
|a Романив
|b О. Н.
|g Олег Николаевич
|
| 701 |
|
1 |
|a Ярема
|b С. Я.
|g Степан Якимович
|
| 701 |
|
1 |
|a Никифорчин
|b Г. Н.
|g Григорий Николаевич
|
| 701 |
|
1 |
|a Махутов
|b Н. А.
|g Николай Андреевич
|
| 701 |
|
1 |
|a Стадник
|b М. М.
|g Мирон Михайлович
|
| 801 |
|
0 |
|a RU
|b RuMRKP
|c 19960705
|g psbo
|
| 801 |
|
1 |
|a RU
|b 63413507
|c 20121112
|
| 801 |
|
2 |
|a RU
|b 63413507
|c 20140120
|g RCR
|
| 942 |
|
|
|c BK
|